| 000 | 00456nam a2200169 a 4500 | ||
|---|---|---|---|
| 005 | 20140310183301.0 | ||
| 008 | 041208s19uu xx 00 eng d | ||
| 020 | _a0586058508 | ||
| 050 |
_aPS 3552.R2147 _b.B799 1989 |
||
| 100 | _aBradford, Barbara Taylor | ||
| 245 |
_aAct of will / _cBarbara Taylor Bradford |
||
| 260 |
_aLondon ; _bGrafton Books, _c1989. |
||
| 300 |
_a526 p. : _c18 cm. |
||
| 650 | _aFiction. | ||
| 942 |
_cBK _2lcc |
||
| 999 |
_c20981 _d20981 |
||